| 000 | 01749nam a2200373 a 4500 | ||
|---|---|---|---|
| 999 |
_c759 _d759 |
||
| 003 | AR-BeUNQ | ||
| 005 | 20230302192900.0 | ||
| 007 | ta | ||
| 008 | 221130s2017 ag a f 001 0 spa d | ||
| 020 | _a9789874113245 | ||
| 040 |
_aAR-BeUNQ _bspa _cAR-BeUNQ _eaacr |
||
| 082 | 0 | 4 |
_a980 _221 |
| 245 | 0 | 0 |
_aHistoria 3 _bArgentina, América Latina y el resto del mundo en el largo siglo XIX _c[autoría Aldana Fernández Walker ... et al.] |
| 246 | 1 | 3 | _aHistoria tres |
| 250 | _a1a ed. | ||
| 260 |
_aBuenos Aires : _bEstación Mandioca, _c2017 |
||
| 300 |
_a237 p. : _bil. ; _c28 cm. |
||
| 490 | 1 | _aLlaves | |
| 648 | 4 | _aSiglo XX | |
| 651 | 7 |
_aAmérica Latina _2toit |
|
| 653 | _aHistoria argentina | ||
| 700 | 1 |
_93633 _aFernández Walker, Aldana |
|
| 929 |
_aCOMPRA _bEstación Mandioca _cExp. 827-2299/22 _d2800 _e20221123 _fPAT0079050 _h1 _j60175 |
||
| 929 |
_aCOMPRA _bEstación Mandioca _cExp. 827-2299/22 _d2800 _e20221123 _fPAT0079051 _h2 _j60176 |
||
| 929 |
_aCOMPRA _bEstación Mandioca _cExp. 827-2299/22 _d2800 _e20221123 _fPAT0079052 _h3 _j60177 |
||
| 929 |
_aCOMPRA _bEstación Mandioca _cExp. 827-2299/22 _d2800 _e20221123 _fPAT0079053 _h4 _j60178 |
||
| 929 |
_aCOMPRA _bEstación Mandioca _cExp. 827-2299/22 _d2800 _e20221123 _fPAT0079054 _h5 _j60179 |
||
| 929 |
_aCOMPRA _bEstación Mandioca _cExp. 827-2299/22 _d2800 _e20221123 _fPAT0079055 _h6 _j60180 |
||
| 929 |
_aCOMPRA _bEstación Mandioca _cExp. 827-2299/22 _d2800 _e20221123 _fPAT0079056 _h7 _j60181 |
||
| 929 |
_aCOMPRA _bEstación Mandioca _cExp. 827-2299/22 _d2800 _e20221123 _fPAT0079057 _h8 _j60182 |
||
| 929 |
_aCOMPRA _bEstación Mandioca _cExp. 827-2299/22 _d2800 _e20221123 _fPAT0079058 _h9 _j60183 |
||
| 929 |
_aCOMPRA _bEstación Mandioca _cExp. 827-2299/22 _d2800 _e20221123 _fPAT0079059 _h10 _j60184 |
||
| 942 |
_cLIB _n1 |
||